000 00399cam a2200169 4500
001 D12512
008 090401t1927 xxu||||| |||| 00| 0 eng d
035 _a(Sirsi) u3905
041 _aeng
100 _aCreswell, W.T.
245 4 _aThe law relating to dilapidations and waste
260 _aLondon
_bThe Builder
_c1927
350 _a0
520 _aShelf 114
942 _n0
948 _c04/03/1997
999 _c85966
_d85966